000 00669nam a2200253Ia 4500
003 OSt
005 20220918174835.0
006 a|||||r|||| 00| 0
007 ta
008 220917b |||||||| |||| 00| 0 eng d
024 _a14,376
037 _cTextual
040 _aARTS
_cARTS
_beng
041 _2eng
_aeng
082 _aNQ56xM2, N5
100 _aAlexander Christine
_918971
245 0 _aArt of the Brontes
260 _aCambridge
_bCUP
_c1995
300 _a484p.
_ccm.
650 _aPAINTING; ARTS
700 _a Sellars Jane
_951946
942 _hNQ56xM2, N5
_cTEXL
_2CC
999 _c154924
_d154924